Pathway to Pakistan / (Record no. 29143)
[ view plain ]
| 000 -LEADER | |
|---|---|
| fixed length control field | 00935nam a2200277 i 4500 |
| 001 - CONTROL NUMBER | |
| control field | 29143 |
| 003 - CONTROL NUMBER IDENTIFIER | |
| rucl marc code | BD-RjUL |
| 005 - DATE AND TIME OF LATEST TRANSACTION | |
| control field | 20211209051358.0 |
| 008 - FIXED-LENGTH DATA ELEMENTS--GENERAL INFORMATION | |
| fixed length control field | 500101s1961 pk c b 001 0 eng d |
| 035 ## - SYSTEM CONTROL NUMBER | |
| System control number | (BD-RjUL)29228 |
| 040 ## - CATALOGING SOURCE | |
| Original cataloging agency | MST |
| Transcribing agency | MST |
| Modifying agency | BD-RjUL |
| Language of cataloging | eng |
| 041 ## - LANGUAGE CODE | |
| Language code of text/sound track or separate title | eng |
| 082 ## - DEWEY DECIMAL CLASSIFICATION NUMBER | |
| Classification number | 954.7 |
| Author mark and year | KHP 1961 |
| 090 ## - LOCALLY ASSIGNED LC-TYPE CALL NUMBER (OCLC); LOCAL CALL NUMBER (OCLC) | |
| Classification number (OCLC) (R) ; Classification number, CALL (RLIN) (NR) | DS385.K48 |
| Local cutter number (OCLC) ; Book number/undivided call number, CALL (RLIN) | A3 |
| 100 1# - MAIN ENTRY--PERSONAL NAME | |
| Personal name | Khaliquzzaman, Choudhry, |
| Dates associated with a name | 1889- |
| 9 (RLIN) | 88978 |
| 245 10 - TITLE STATEMENT | |
| Title | Pathway to Pakistan / |
| Statement of responsibility, etc. | Choudhry Khaliquzzaman. |
| 260 ## - PUBLICATION, DISTRIBUTION, ETC. (IMPRINT) | |
| Place of publication, distribution, etc. | Lahore : |
| Name of publisher, distributor, etc. | Longmans, Pakistan Branch, |
| Date of publication, distribution, etc. | 1961. |
| 300 ## - PHYSICAL DESCRIPTION | |
| Pagination | xiv, 432 p., [8] leaves of plates : |
| Illustrations | ill., ports. ; |
| Size | 25 cm. |
| 504 ## - BIBLIOGRAPHY, ETC. NOTE | |
| Bibliography, etc | Includes bibliographical footnotes and index. |
| 600 10 - SUBJECT ADDED ENTRY--PERSONAL NAME | |
| Personal name | Khaliquzzaman, Choudhry, |
| Dates associated with a name | 1889- |
| 610 20 - SUBJECT ADDED ENTRY--CORPORATE NAME | |
| Corporate name or jurisdiction name as entry element | All-India Muslim League |
| 650 #0 - SUBJECT ADDED ENTRY--TOPICAL TERM | |
| Topical term or geographic name as entry element | Politicians |
| Geographic subdivision | India |
| Form subdivision | Biography. |
| 9 (RLIN) | 74007 |
| 651 #0 - SUBJECT ADDED ENTRY--GEOGRAPHIC NAME | |
| Geographic name | India |
| General subdivision | Politics and government |
| Chronological subdivision | 20th century. |
| 9 (RLIN) | 88981 |
| Geographic name | Pakistan |
| General subdivision | History. |
| 9 (RLIN) | 88982 |
| 942 ## - ADDED ENTRY ELEMENTS (KOHA) | |
| Source of classification or shelving scheme | Dewey Decimal Classification |
| Koha item type | Books |
| Lost status | Source of classification or shelving scheme | Damaged status | Not for loan | Collection code | Permanent Location | Current Location | Shelving location | Date acquired | Source of acquisition | Cost, normal purchase price | Total Checkouts | Full call number | Date last seen | Copy number | Koha item type |
|---|---|---|---|---|---|---|---|---|---|---|---|---|---|---|---|
| Dewey Decimal Classification | Non-fiction | Central Library, University of Rajshahi | Central Library, University of Rajshahi | 18/01/1965 | Mirga Book Agency | 30.00 | 954.7 KHP 1961 | 02/04/2014 | C-7 | Books | |||||
| Dewey Decimal Classification | Non-fiction | Central Library, University of Rajshahi | Central Library, University of Rajshahi | 12/10/1966 | Royal Book Co. | 26.00 | 954.7 KHP 1961 | 02/04/2014 | C-3 | Books | |||||
| Dewey Decimal Classification | Non-fiction | Central Library, University of Rajshahi | Central Library, University of Rajshahi | 12/10/1966 | Royal Book Co. | 26.00 | 954.7 KHP 1961 | 02/04/2014 | C-4 | Books |